| 000 | 00574nam a22001697a 4500 | ||
|---|---|---|---|
| 999 |
_c14439 _d14439 |
||
| 008 | 190920b ||||| |||| 00| 0 eng d | ||
| 020 | _a978-621-418-053-0 | ||
| 082 |
_22019 _aDFil 664.05 _bOs59 |
||
| 100 |
_aOsorno, Rene D. _939734 |
||
| 245 |
_aHM elect 1 : _bfood processing/ _cRene D. Osorno, Grayfield T. Bajao. |
||
| 260 |
_aPhilippines : _bWiseman's Books Trading, Inc., _c2019. |
||
| 300 |
_aii, 48 pages : _billustrations ; _c26 cm. |
||
| 650 |
_aFood industry and trade _939844 |
||
| 700 |
_aBajao, Grayfield T. _939821 |
||
| 365 |
_b760.00 _cPhp |
||
| 942 |
_2ddc _cDFIL |
||